000 00476nam a2200097Ia 4500
008 180130s9999 xx 000 0 und d
245 _cFulop, Peter; Imre, Sandor; Szabo, Sandor; Szalka, Tamas
_aAccurate mobility modeling and location prediction based on pattern analysis of handover series in mobile networks
260 _c2016
300 _aBook title: Mobile telecommunications technology--Acession number C20743; pages 98-131
650 _aMOBILE TELECOMMUNICATIONS TECHNOLOGY
999 _c354007
_d354007